Drácula

Guardat en:
Dades bibliogràfiques
Autor principal: Stoker, Bram (Autor)
Format: Llibre
Idioma:espanyol
Publicat: Santiago Origo 2017
Edició:1a. ed
Col·lecció:Viva Leer
Matèries:
Etiquetes: Afegir etiqueta
Sense etiquetes, Sigues el primer a etiquetar aquest registre!

MARC

LEADER 00000cam a2200000 a 4500
001 UCC2184
003 CL-VaPUC
008 180114e20170000cl |||||||||||||||||spa|d
020 |a 9789563163698 
082 0 4 |a 823  |b STO  |2 21 
100 0 |a Stoker, Bram  |e author  |9 596305 
245 1 0 |a Drácula 
250 |a 1a. ed 
300 |a 12 p 
942 |c BK 
945 |d 20180114 20:51:00  |a dcastane 
260 |a Santiago  |b Origo  |c 2017 
650 0 |a Novelas inglesas  |9 265220 
650 0 |a Literatura inglesa  |9 312907 
650 0 |a Novela gráfica  |9 561356 
583 |a last modification  |c 20180114 20:51:00  |k Rodrigo Vera 
490 0 |a Viva Leer 
999 |c 370437  |d 370435 
952 |0 0  |1 0  |3 erd  |4 0  |6 823_000000000000000_STO_2017  |7 0  |8 C  |9 486925  |a BIBCUR  |b BIBCUR  |i 544697K  |l 5  |o 823 STO 2017  |p 544697K  |r 2025-05-09  |s 2025-05-09  |w 2019-11-24  |y BK  |z Catalogado en:20180114  |k CAC